000
00349pam a2200157a 44500
008
230515b1989 xxu||||| |||| 00| 0 eng d
020
_a
NULL
041
_a
ENGLISH
082
_a
630
100
_a
DR. BANSAL R K
245
_a
FLUID MECHANICS & HYDRAULIC MACHINES
250
_a
0
260
_a
N
_b
N/A
_c
1989
300
_a
1228
650
_a
NULL
999
_c
651194
_d
651194